000 00856aam a2200313 4500
005 20250731124741.0
008 150416b1999 xxu||||| |||| 00| 0 spa d
020 _a9788445807729
041 _aESP
082 _a362.829.2 C657m
100 _aCobo Plana,Juan Antonio
_933958
245 _aManual de actuación sanitaria, policial, legal y social frente a la violencia doméstica
260 _aEspaña
260 _bMasson
260 _c1999
300 _a174 páginas
490 _aInvestigación Criminal
505 _aContiene disco compacto N° 176
650 _aVIOLENCIA DOMÉSTICA
650 _aPATOLOGÍA
650 _aVIOLENCIA SEXUAL
650 _aFORMAS CLÍNICAS
650 _aTRASTORNOS MENTALES
650 _aTRATAMIENTO
650 _aTRAUMATISMOS
650 _aENVENENAMIENTOS
650 _aSALUD
942 _cBK
_2ddc
999 _c4699
_d4699